000 00289nam a2200121Ia 4500
008 241002s9999 xx 000 0 und d
082 _a635.04 RED
100 _aReader Chigest
245 0 _aComplete Library of the Garden
260 _aLondon:
_c1963
600 _aLiterature
942 _cUC
999 _c18851
_d18851